000 00812nac a22002537a 4500
001 BR7200637
003 BR-BrBNA
005 20240105113444.0
008 230509b bl.|||m| |||| 00| 0 por d
040 _aBR-BrBNA
_bpor
_cBiblioteca Nacional de Agricultura
072 _aF00
090 _aF00 BR7200637
110 1 _aDepartamento Nacional da Producao Vegetal, Brasilia, DF (Brasil)
_93226
245 1 _aRelatorio anual 1972 [Departamento Nacional da Producao Vegetal, Brasil]
260 3 _aBrasilia, DF (Brasil):
_c1972.
300 _a130 p.
490 _aRelatorio - Departamento Nacional da Producao Vegetal (Brazil)
_v
_x
650 _aDEFESA VEGETAL
650 _aSEMENTE
650 _aMUDA
650 _aFERTILIZANTE
909 _a202312
_bLúcia Elande
_c55
_dLúcia Elande
942 _2AGRIS
_n0
_cMS
999 _c263817
_d263817